| 000 | 00931nas a2200289 4500 | ||
|---|---|---|---|
| 001 | BR2012002197 | ||
| 003 | BR-BrBNA | ||
| 005 | 20231205120349.0 | ||
| 007 | ta | ||
| 008 | 230509b bl.|||p| |||| 00| 00por d | ||
| 040 |
_aBR-BrBNA _bpor _cBiblioteca Nacional de Agricultura |
||
| 041 | _a(Pt) | ||
| 072 | _aF03 | ||
| 100 | 1 | _aLima, L.B. de | |
| 100 | 1 | _aPinto, T.L.F. | |
| 100 | 1 | _aNovembre, A.D. da L.C. | |
| 245 | 1 | _aAvaliação da viabilidade e do vigor de sementes de pepino pelo teste de tetrazólio | |
| 246 | 1 | _aViability and vigor of cucumber seeds as evaluated by the tetrazolium test | |
| 650 | _aPEPINO | ||
| 650 | _aCUCUMIS SATIVUS | ||
| 650 | _aTESTE DE TETRAZÓLIO | ||
| 650 | _aSEMENTE | ||
| 650 | _aQUALIDADE | ||
| 773 | 0 |
_tRevista Brasileira de Sementes (Brazil) _xISSN 0101-3122 _g(Mar 2010), v. 32(1) p. 60-68 _wBR2012002197 |
|
| 909 |
_a202311 _bLúcia _c55 _dLúcia Elande |
||
| 942 |
_2AGRIS _n0 _cANA |
||
| 999 |
_c218139 _d218139 |
||